Asian Dinings (Record no. 49027)

MARC details
000 -LEADER
fixed length control field 00430nam a2200169Ia 4500
008 - FIXED-LENGTH DATA ELEMENTS--GENERAL INFORMATION
fixed length control field 220805s9999 xx 000 0 und d
020 ## - INTERNATIONAL STANDARD BOOK NUMBER
International Standard Book Number 978-47858-0300-2
041 ## - LANGUAGE CODE
Language code of text/sound track or separate title eng
082 ## - DEWEY DECIMAL CLASSIFICATION NUMBER
Classification number 747.797
100 ## - MAIN ENTRY--PERSONAL NAME
Personal name Tr. Streeby, Richard
9 (RLIN) 89070
260 ## - PUBLICATION, DISTRIBUTION, ETC. (IMPRINT)
Name of publisher, distributor, etc. Shotenkenchiku sha co. ltd Tokyo
Date of publication, distribution, etc. 2005
245 ## - TITLE STATEMENT
Title Asian Dinings
245 ## - TITLE STATEMENT
Remainder of title shop design series
250 ## - EDITION STATEMENT
Edition statement 1
300 ## - PHYSICAL DESCRIPTION
Extent 156
650 ## - SUBJECT ADDED ENTRY--TOPICAL TERM
Topical term or geographic name as entry element Interior Decoration
9 (RLIN) 89071
Holdings
Withdrawn status Lost status Damaged status Not for loan Collection code Home library Current library Date acquired Vendor Cost, normal purchase price Total Checkouts Full call number Barcode Date last seen Bill Date Koha item type Original Barcode
          Manilal Nanavati Vocational Training Institute Pune Manilal Nanavati Vocational Training Institute Pune 09/08/2022 Purchase 8185.35   747.797/STR/B1686 MNVT-BK-1686 09/08/2022 09/08/2022 Books B1686